Vocabulario en Francés - L'ordinateur - Estadísticas

Estadísticas generales
  • Esta prueba ha sido intentada 36 veces
  • La puntuación promedio es 7 de 12
Estadísticas de respuestas
Hint Respuesta % Correcto
Une image imagen
97%
Un site página
91%
Une fenêtre ventana
91%
Les réseaux sociaux redes sociales
75%
Un adresse dirección
72%
Enregistrer registrarse
69%
Un écran pantalla
66%
Une imprimante impresora
63%
Une souris ratón
53%
Un clavier teclado
41%
Un mel correo
25%
Un son altavoz
3%
No se encontraron pruebas coincidentes
Distribución de puntuación
Porcentaje de gente con cada puntuación
Porcentaje por número respondido
Historial de tus puntuaciones
No has intentado esta prueba.